| 000 | 00667nam a2200229Ia 4500 | ||
|---|---|---|---|
| 005 | 20221229100931.0 | ||
| 008 | 131103s9999 xx 000 0 und d | ||
| 020 |
_a749396520 _c3.75 pds |
||
| 040 | _aLoreto College | ||
| 041 | _aEnglish | ||
| 082 |
_a813.52 _bSTE-PAR |
||
| 100 | _aParini,Jay | ||
| 245 |
_aJohn Steinbeck _b A Biography _cJay Parini |
||
| 260 |
_aLondon _bMinerva _cc 1994 |
||
| 300 | _ax,614 p. | ||
| 504 | _aIncludes bibliographical references and index | ||
| 630 | _aAmerican Fiction - History and Criticism | ||
| 650 | _aSteinbeck,John Ernest | ||
| 651 | _a1902 - 1968, Criticism and Interpretation | ||
| 850 | _aLCLIB | ||
| 942 | _cBK | ||
| 999 |
_c12081 _d62560 |
||